000 00652nab a2200193 4500
001 244442
003 OSt
005 20240409120806.0
007 tu
008 200917s2020|||||||
040 _aDE-2950
_cDE-2950
245 0 0 _aFinanzierung steht - Bund gibt Geld für Sanierung
_bZusage. Gute Nachrichten für den Helenesee bei Frankfurt (Oder): Die Finanzierung der millionenschweren Sanierung steht. Die Einzelheiten/
_cThomas Gutke
264 _c2024
653 _aFrankfurt (Oder)
653 _aHelenesee
653 _aSanierung
773 0 _g35. Jahrgang (2024) Nr. 71 vom 23.03.2024, S. 15 mit Foto
_tMärkische Oderzeitung
942 _2z
_cA
999 _c373046
_d373046